| Поле | Название | Значение |
| |
Тип записи |
c |
| |
Библиографический уровень |
m |
| 001 |
Контрольный номер |
RU/УОНБ/EK_N/621431073 |
| 005 |
Дата корректировки |
20260424101736.5 |
| 010 |
Индекс ISBN |
__ |
| 9 |
Тираж |
2000 экз. |
| 013 |
Номер (ISMN) |
__ |
| d |
Цена |
60 р. 30 к. |
| 100 |
Данные общей обработки |
__ |
| a |
Данные общей обработки |
20190910d1999 u y0rusy0189 ca |
| 101 |
Язык документа |
0_ |
| a |
Язык текста |
rus |
| f |
Язык титульного листа |
rus |
| 102 |
Страна публикации |
__ |
| a |
Страна публикации |
RU |
| 125 |
Кодированные данные звукозаписи и нотных изданий |
__ |
| a |
Форма изложения нотного текста |
z |
| 128 |
Кодированные данные (звукозаписи-физические характеристики) |
__ |
| a |
Кодированные данные: Музыкальная форма и тональность или лад |
sg |
| c |
Инструменты или голоса, рекомендуемые для солистов (устаревшее) |
vu |
| 200 |
Заглавие и сведения об ответственности |
1_ |
| a |
Заглавие |
Вып. 4 |
| f |
Первые сведения об ответственности |
составитель Т. Барченкова |
| 203 |
Вид содержания и тип средства |
__ |
| a |
Вид содержания |
Музыка |
| b |
Характеристика содержания |
знаковая |
| c |
Тип средства |
непосредственная |
| 210 |
Выходные данные |
1_ |
| d |
Дата издания |
1999 |
| 215 |
Физическое описание |
__ |
| a |
Объем |
47 с. |
| 327 |
Примечание о содержании |
11 |
| a |
Примечание о содержании |
Содерж.: Шевченко А. Зимний сон : из репертуара Алсу. Русских С. Ту-ту-ту, на-на-на : из репертуара группы "Академия". Николаев И. Императрица : из репертуара И. Аллегровой ; Хрустальное сердце Мальвины ; Лето кастаньет : из репертуара Н. Королёвой. Крутой И. Незаконченный роман / сл. К. Арсенева : из репертуара И. Аллегровой. Добронравов А. Как упоительны в России вечера / сл. В. Пеленягрэ : из репертуара группы "Белый орёл". Губин А. О тебе мечтаю я ; Лиза : из репертуара А. Губина. Шевчук Ю. Просвистела ; Белая река : из репертуара "ДДТ". Макарова М. Любочка / сл. А. Барто и М. Макаровой : из репертуара группы "Маша и медведь". Макаревич А. Не стоит прогибаться : (Мне 300 лет) : из репертуара группы "Машина времени". Меладзе К. Красиво : из репертуара В. Меладзе / сл. В. Меладзе. Брейтбург К., Моисеев Б. Звёздочка : из репертуара Б. Моисеева. Брейтбург К. Щелкунчик : из репертуара Б. Моисеева и Н. Трубача. Мисаилов А., Максимов М. Горе не беда / сл. К. Арсенева : из репертуара группы "Премьер-министр". Крутой И. Ухожу / сл. С. Осиашвили ; Николаев И. Не обижай меня: из репертуара А. Пугачёвой. Фалетёнок С. Ша-ла-ла : из репертуара : группы "Родная речь". Трубач Н. Девочка-веточка : из репертуара Н. Трубача. Михалок С. В платье белом : из репертуара Ляписа Трубецкого. Усланов В. Следы дождя : из репертуара В. Усланова. Крутой И. Пальма де Майорка / сл. Л. Фадеева ; Добрынин В. За милых дам / сл. С. Осиашвили : из репертуара М. Шуфутинского |
| 333 |
Примечание о целевом назначении |
__ |
| a |
Примечание о целевом назначении |
18+ |
| 461 |
Уровень набора |
_0 |
| 1 |
|
2001 |
| a |
|
Хиты для всех |
| e |
|
мелодии и тексты песен |
| v |
|
Вып. 4 |
| 1 |
|
2101 |
| a |
|
Москва |
| c |
|
Музыка |
| d |
|
1999 - |
| 1 |
|
001RU/УОНБ/EK_N/621430556 |
| 464 |
Аналитический уровень |
_0 |
| 1 |
|
036 |
| t |
|
Звёзды поднимаются выше... |
| 1 |
|
700 1 |
| a |
|
Шевченко |
| b |
|
А. |
| 1 |
|
702 1 |
| a |
|
Алсу |
| 4 |
|
590 |
| 1 |
|
2001 |
| a |
|
Зимний сон |
| 464 |
Аналитический уровень |
_0 |
| 1 |
|
036 |
| t |
|
С тобой, моя звезда... |
| 1 |
|
700 1 |
| a |
|
Русских |
| b |
|
С. |
| 1 |
|
71202 |
| a |
|
Академия |
| b |
|
группа |
| 4 |
|
590 |
| 1 |
|
2001 |
| a |
|
Ту-ту-ту, на-на-на |
| 464 |
Аналитический уровень |
_0 |
| 1 |
|
036 |
| t |
|
Будуар императрицы повидал немало на своём веку... |
| 1 |
|
700 1 |
| a |
|
Николаев |
| b |
|
И. |
| 1 |
|
702 1 |
| a |
|
Аллегрова |
| b |
|
И. |
| 4 |
|
590 |
| 1 |
|
2001 |
| a |
|
Императрица |
| 464 |
Аналитический уровень |
_0 |
| 1 |
|
036 |
| t |
|
Красивая любовь - мы отдали ей дань безумства... |
| 1 |
|
700 1 |
| a |
|
Крутой |
| b |
|
И. |
| 1 |
|
702 1 |
| a |
|
Арсенев |
| b |
|
К. |
| 4 |
|
520 |
| 1 |
|
702 1 |
| a |
|
Аллегрова |
| b |
|
И. |
| g |
|
590 |
| 1 |
|
2001 |
| a |
|
Незаконченный роман |
| 464 |
Аналитический уровень |
_0 |
| 1 |
|
700 1 |
| a |
|
Добронравов |
| b |
|
А. |
| 1 |
|
702 1 |
| a |
|
Пеленягрэ |
| b |
|
В. |
| 4 |
|
520 |
| 1 |
|
71202 |
| a |
|
Белый орёл |
| b |
|
группа |
| 4 |
|
590 |
| 1 |
|
2001 |
| a |
|
Как упоительны в России вечера |
| 464 |
Аналитический уровень |
_0 |
| 1 |
|
036 |
| t |
|
Журавлиными стаями вновь тебя... |
| 1 |
|
700 1 |
| a |
|
Губин |
| b |
|
А. |
| 1 |
|
702 1 |
| a |
|
Губин |
| b |
|
А. |
| 4 |
|
590 |
| 1 |
|
2001 |
| a |
|
О тебе мечтаю я |
| 464 |
Аналитический уровень |
_0 |
| 1 |
|
036 |
| t |
|
Просвистела и упала на столе... |
| 1 |
|
700 1 |
| a |
|
Шевчук |
| b |
|
Ю. |
| 1 |
|
71202 |
| a |
|
ДДТ |
| b |
|
группа |
| 4 |
|
590 |
| 1 |
|
2001 |
| a |
|
Просвистела |
| 464 |
Аналитический уровень |
_0 |
| 1 |
|
036 |
| t |
|
Синенькая юбочка, ленточка в косе... |
| 1 |
|
700 1 |
| a |
|
Макарова |
| b |
|
М. |
| 1 |
|
702 1 |
| a |
|
Барто |
| b |
|
А. |
| 4 |
|
520 |
| 1 |
|
702 1 |
| a |
|
Макарова |
| b |
|
М. |
| 4 |
|
520 |
| 1 |
|
71202 |
| a |
|
Маша и медведь |
| b |
|
группа |
| 4 |
|
590 |
| 1 |
|
2001 |
| a |
|
Любочка |
| 464 |
Аналитический уровень |
_0 |
| 1 |
|
036 |
| t |
|
Вот море молодых колышет супер-басы... |
| 1 |
|
700 1 |
| a |
|
Макаревич |
| b |
|
А. |
| 1 |
|
71202 |
| a |
|
Машина времени |
| b |
|
группа |
| 4 |
|
590 |
| 1 |
|
2001 |
| a |
|
Не стоит прогибаться |
| e |
|
(Мне 300 лет) |
| 1 |
|
5171 |
| a |
|
Мне 300 лет |
| 464 |
Аналитический уровень |
_0 |
| 1 |
|
036 |
| t |
|
В первый день весны... |
| 1 |
|
700 1 |
| a |
|
Меладзе |
| b |
|
К. |
| 1 |
|
702 1 |
| a |
|
Меладзе |
| b |
|
В. |
| 4 |
|
590 |
| 1 |
|
2001 |
| a |
|
Красиво |
| 464 |
Аналитический уровень |
_0 |
| 1 |
|
036 |
| t |
|
Звёздочка упала на мою ладонь... |
| 1 |
|
700 1 |
| a |
|
Брейтбург |
| b |
|
К. |
| 1 |
|
702 1 |
| a |
|
Моисеев |
| b |
|
Б. |
| 4 |
|
590 |
| 1 |
|
2001 |
| a |
|
Звёздочка |
| 464 |
Аналитический уровень |
_0 |
| 1 |
|
036 |
| t |
|
А он принцессой своей её называл... |
| 1 |
|
700 1 |
| a |
|
Брейтбург |
| b |
|
К. |
| 1 |
|
702 1 |
| a |
|
Моисеев |
| b |
|
Б. |
| 4 |
|
590 |
| 1 |
|
702 1 |
| a |
|
Трубач |
| b |
|
Н. |
| 4 |
|
590 |
| 1 |
|
2001 |
| a |
|
Щелкунчик |
| 464 |
Аналитический уровень |
_0 |
| 1 |
|
036 |
| t |
|
К тебе теку, как к морю река... |
| 1 |
|
700 1 |
| a |
|
Мисаилов |
| b |
|
А. |
| 1 |
|
701 1 |
| a |
|
Максимов |
| b |
|
М. |
| 1 |
|
702 1 |
| a |
|
Арсенев |
| b |
|
К. |
| 4 |
|
520 |
| 1 |
|
71202 |
| a |
|
Премьер-министр |
| b |
|
группа |
| 4 |
|
590 |
| 1 |
|
2001 |
| a |
|
Горе не беда |
| 464 |
Аналитический уровень |
_0 |
| 1 |
|
036 |
| t |
|
Я опять возвращаюсь к тебе... |
| 1 |
|
700 1 |
| a |
|
Крутой |
| b |
|
И. |
| 1 |
|
702 1 |
| a |
|
Осиашвили |
| b |
|
С. |
| 4 |
|
520 |
| 1 |
|
702 1 |
| a |
|
Пугачёва |
| b |
|
А. |
| 4 |
|
590 |
| 1 |
|
2001 |
| a |
|
Ухожу |
| 464 |
Аналитический уровень |
_0 |
| 1 |
|
036 |
| t |
|
Дождь стучал по крыше... |
| 1 |
|
700 1 |
| a |
|
Фалетенок |
| b |
|
С. |
| 1 |
|
71202 |
| a |
|
Родная речь |
| b |
|
группа |
| 4 |
|
590 |
| 1 |
|
2001 |
| a |
|
Ша-ла-ла |
| 464 |
Аналитический уровень |
_0 |
| 1 |
|
036 |
| t |
|
А мне навстречу деревья шагают... |
| 1 |
|
700 1 |
| a |
|
Трубач |
| b |
|
Н. |
| 1 |
|
702 1 |
| a |
|
Трубач |
| b |
|
Н. |
| 4 |
|
590 |
| 1 |
|
2001 |
| a |
|
Девочка-веточка |
| 464 |
Аналитический уровень |
_0 |
| 1 |
|
036 |
| t |
|
Когда зимой холодною... |
| 1 |
|
700 1 |
| a |
|
Михалок |
| b |
|
С. |
| 1 |
|
71202 |
| a |
|
Ляпис Трубецкой |
| b |
|
группа |
| 4 |
|
590 |
| 1 |
|
2001 |
| a |
|
В платье белом |
| e |
|
(Это - любовь) |
| 1 |
|
5171 |
| a |
|
Это - любовь |
| 464 |
Аналитический уровень |
_0 |
| 1 |
|
036 |
| t |
|
Это всё случилось в звёздную полночь... |
| 1 |
|
700 1 |
| a |
|
Усланов |
| b |
|
В. |
| 1 |
|
702 1 |
| a |
|
Усланов |
| b |
|
В. |
| 4 |
|
590 |
| 1 |
|
2001 |
| a |
|
Следы дождя |
| 464 |
Аналитический уровень |
_0 |
| 1 |
|
036 |
| t |
|
Утро неслышно ступает по крышам... |
| 1 |
|
700 1 |
| a |
|
Крутой |
| b |
|
И. |
| 1 |
|
702 1 |
| a |
|
Фадеев |
| b |
|
Л. |
| 4 |
|
520 |
| 1 |
|
702 1 |
| a |
|
Шуфутинский |
| b |
|
М. |
| g |
|
590 |
| 1 |
|
2001 |
| a |
|
Пальма де Майорка |
| 464 |
Аналитический уровень |
_0 |
| 1 |
|
036 |
| t |
|
Посмотри в окно - по лужам топает Пьеро... |
| 1 |
|
700 1 |
| a |
|
Николаев |
| b |
|
И. |
| 1 |
|
702 1 |
| a |
|
Аллегрова |
| b |
|
И. |
| 4 |
|
590 |
| 1 |
|
2001 |
| a |
|
Хрустальное сердце Мальвины |
| 464 |
Аналитический уровень |
_0 |
| 1 |
|
036 |
| t |
|
Кружатся птицы и цветы... |
| 1 |
|
700 1 |
| a |
|
Николаев |
| b |
|
И. |
| 1 |
|
702 1 |
| a |
|
Королёва |
| b |
|
Н. |
| 4 |
|
590 |
| 1 |
|
2001 |
| a |
|
Лето кастаньет |
| 464 |
Аналитический уровень |
_0 |
| 1 |
|
036 |
| t |
|
Лиза, ещё вчера мы были вдвоём... |
| 1 |
|
700 1 |
| a |
|
Губин |
| b |
|
А. |
| 1 |
|
702 1 |
| a |
|
Губин |
| b |
|
А. |
| 4 |
|
590 |
| 1 |
|
2001 |
| a |
|
Лиза |
| 464 |
Аналитический уровень |
_0 |
| 1 |
|
036 |
| t |
|
Недавно его встретил я... |
| 1 |
|
700 1 |
| a |
|
Шевчук |
| b |
|
Ю. |
| 1 |
|
71202 |
| a |
|
ДДТ |
| b |
|
группа |
| 4 |
|
590 |
| 1 |
|
2001 |
| a |
|
Белая река |
| 464 |
Аналитический уровень |
_0 |
| 1 |
|
036 |
| t |
|
Вот так всегда... |
| 1 |
|
700 1 |
| a |
|
Николаев |
| b |
|
И. |
| 1 |
|
702 1 |
| a |
|
Пугачёва |
| b |
|
А. |
| 4 |
|
590 |
| 1 |
|
2001 |
| a |
|
Не обижай меня |
| 464 |
Аналитический уровень |
_0 |
| 1 |
|
036 |
| t |
|
Мне нравятся все женщины на свете... |
| 1 |
|
700 1 |
| a |
|
Добрынин |
| b |
|
В. |
| 1 |
|
702 1 |
| a |
|
Осиашвили |
| b |
|
С. |
| 4 |
|
520 |
| 1 |
|
702 1 |
| a |
|
Шуфутинский |
| b |
|
М. |
| 4 |
|
590 |
| 1 |
|
2001 |
| a |
|
За милых дам |
| 606 |
Тематические рубрики |
0_ |
| a |
Основная рубрика |
Песни российских композиторов |
| 610 |
Ключевые слова |
0_ |
| a |
Ключевые слова |
песни российских композиторов |
| 686 |
Индексы других классификаций |
__ |
| a |
Классификационный индекс |
85.94я438 |
| 2 |
Код системы |
rubbk |
| 702 |
Вторичная интеллектуальная ответственность |
_1 |
| a |
Фамилия |
Барченкова |
| b |
Имя (инициалы) |
Т. |
| 4 |
Код отношения |
220 |
| 801 |
Источник записи |
_0 |
| a |
Страна |
RU |
| b |
Организация |
Ульяновская ОНБ |
| c |
Дата составления |
20190910 |
| g |
Правила каталогизации |
RCR |
| 801 |
Источник записи |
_1 |
| a |
Страна |
RU |
| b |
Организация |
Ульяновская ОНБ |
| c |
Дата составления |
20190910 |
| g |
Правила каталогизации |
RCR |
| 901 |
Тип документа |
__ |
| t |
Тип документа |
n |
| w |
Контрольный № источника |
RU/УОНБ/EK_N/621430556 |
| 909 |
Создатель записи |
__ |
| a |
Создатель записи |
Лобина Л. И. |
| 910 |
Корректоры записи |
__ |
| a |
Корректор записи |
Грязнова И. Е. |
| b |
Дата внесения изменения в запись |
20260424 |
| 938 |
Служебная информация |
__ |
| a |
Имя БД |
noti |
| b |
Имя библиотеки |
УОНБ |
| c |
Имя АИБС |
МАРК-SQL |
| d |
Номер DOC_ID в БД |
21178 |
| 970 |
Признак ограниченного доступа |
__ |
| a |
Фамилия |
Макаревич |
| b |
Имя (инициалы) |
А. В. |
| g |
Полное личное имя |
Андрей Вадимович |
| e |
|
02.09.2022 |
| f |
|
Иностранный агент (физическое лицо) |
| 996 |
Контроль за деятельностью лиц, находящихся под иностранным влиянием |
__ |
| b |
Текстовое указание |
НАСТОЯЩИЙ МАТЕРИАЛ (ИНФОРМАЦИЯ) ПРОИЗВЕДЁН, РАСПРОСТРАНЁН И (ИЛИ) НАПРАВЛЕН ИНОСТРАННЫМ АГЕНТОМ МАКАРЕВИЧЕМ АНДРЕЕМ ВАДИМОВИЧЕМ ЛИБО КАСАЕТСЯ ДЕЯТЕЛЬНОСТИ ИНОСТРАННОГО АГЕНТА МАКАРЕВИЧА АНДРЕЯ ВАДИМОВИЧА |